K výstavě jubilantky

Bibliographic Details
Format: Article
Language:Czech
Subjects:

MARC

LEADER 00000nab a2200000 a 4500
001 vtls008413258
003 SK-MaSNL
005 20260303070220.0
008 160321 2005 xo mr er 000 0 cze
038 |a KEVKJB 
040 |a VKJB  |b slo  |c VKJB  |e AACR2 
041 0 |a cze 
044 |a xo  |c SK 
080 |a 745.52  |2 UDC-MRF-SK2 
080 |a 738  |2 UDC-MRF-SK2 
080 |a 739.2  |2 UDC-MRF-SK2 
080 |a 929 Petro-Venceľová, Mária  |2 UDC-MRF-SK2 
245 0 0 |a K výstavě jubilantky 
300 |b Obr. 
600 1 7 |a Petro-Venceľová, Mária  |2 kevkjb  |9 1067333 
650 0 7 |a umelecká tvorba  |x výstavy  |2 kevkjb  |9 1067334 
651 7 |a Hencovce (Slovensko)  |2 kevkjb  |9 60203 
651 7 |a Vranov nad Topľou (Slovensko)  |2 kevkjb  |9 17494 
773 0 |t Česká beseda  |g Roč. XI., č. 9 (2005), s. 20  |x 1335-4353 
852 |a KEVKJB  |b KIS3GCP 
958 |a CZ 
958 |a BC 
999 |c 1754413  |d 1756343